000 00589nam a2200121Ia 4500
008 220620s9999||||xx |||||||||||||| ||und||
100 _aUlnicane, Inga
245 0 _aChapter 11 Governance of Dual Use Research in the EU
_bThe Case of Neuroscience
546 _aEnglish[eng]
650 _aEU||cyber||drones||dual-use||governance||robotics||security||technologies||HBJD||JPSN||JPS||JPV||JW
856 _uhttps://library.oapen.org/bitstream/20.500.12657/39510/1/9780367368814_oachapter11.pdf||https://library.oapen.org/bitstream/20.500.12657/39510/1/9780367368814_oachapter11.pdf
942 _cEB
999 _c28735
_d28735